|
|
|
|
| LEADER |
01149nam a22003254a 4500 |
| 001 |
EBC176857 |
| 003 |
MiAaPQ |
| 005 |
20200520144314.0 |
| 006 |
m o d | |
| 007 |
cr cn||||||||| |
| 008 |
031007s2004 njua s 001 0 eng |
| 020 |
|
|
|z 0471023299
|
| 035 |
|
|
|a (MiAaPQ)EBC176857
|
| 035 |
|
|
|a (Au-PeEL)EBL176857
|
| 035 |
|
|
|a (CaPaEBR)ebr10114024
|
| 035 |
|
|
|a (CaONFJC)MIL36805
|
| 035 |
|
|
|a (OCoLC)54983397
|
| 040 |
|
|
|a MiAaPQ
|c MiAaPQ
|d MiAaPQ
|
| 050 |
|
4 |
|a HG4529
|b .M8597 2004
|
| 082 |
0 |
4 |
|a 332.6
|2 22
|
| 100 |
1 |
|
|a Murphy, John J.
|
| 245 |
1 |
0 |
|a Intermarket analysis
|h [electronic resource] :
|b profiting from global market relationships /
|c John Murphy.
|
| 260 |
|
|
|a Hoboken, N.J. :
|b J. Wiley,
|c c2004.
|
| 300 |
|
|
|a xvii, 270 p. :
|b ill.
|
| 500 |
|
|
|a Includes index.
|
| 533 |
|
|
|a Electronic reproduction. Ann Arbor, MI : ProQuest, 2015. Available via World Wide Web. Access may be limited to ProQuest affiliated libraries.
|
| 650 |
|
0 |
|a Investment analysis.
|
| 655 |
|
4 |
|a Electronic books.
|
| 710 |
2 |
|
|a ProQuest (Firm)
|
| 856 |
4 |
0 |
|u https://ebookcentral.proquest.com/lib/matrademy/detail.action?docID=176857
|z Click to View
|